000 nam a22 7a 4500
999 _c15881
_d15881
008 161105b xxu||||| |||| 00| 0 eng d
020 _a0397547439
050 _aRT 120.I5 .C74 1990
100 _aHudak, Carolyn M.
245 _aCritical care nursing :
_ba holistic approach/
_cCarolyn M. Hudak, Barbara M. Gallo and Julie J benz.
250 _a5th ed.
260 _aNew York :
_bJ. B Lippincott Company/
_c1990.
300 _axxv,898p. :
_bill. ;
_c27cm.
500 _aInclude index.
650 _aIntensive care nursing.
650 _aHolistic medicine.
700 _aGallo, Barbara M.
700 _aBenz, Julie J.
942 _2lcc
_cBOOKS
_hRT 120.I5 .C74 1990